[Event "WC-2017-P-00009"]
[Site "LSS email"]
[Date "2013.02.27"]
[Round "?"]
[White "Lizorkina, Veronika"]
[Black "Mauro, Lucio"]
[Result "0-1"]
[WhiteElo "1918"]
[BlackElo "2127"]
[PlyCount "100"]
[EventDate "2013.03.03"]
[EventType "tourn (corr)"]
[EventRounds "12"]
[EventCountry "GER"]
[SourceTitle "Corr 2015"]
[Source "ChessBase"]
[SourceDate "2015.07.17"]
[SourceVersion "1"]
[SourceVersionDate "2015.07.17"]
[SourceQuality "1"]

1. e4 c5 2. Nf3 Nc6 3. Bb5 e6 4. 0-0 Nge7 5. c3 a6 6. Ba4 b5 7. Bc2 Bb7 8. d4 cxd4 9. Nxd4 Ng6 10. Be3 Qc7 11. f4 Rc8 12. Rf2 Nxd4 13. cxd4 Bd6 14. e5 Bb4 15. a3 Ba5 16. a4 Ne7 17. axb5 axb5 18. Na3 Qb6 19. Qe2 Nd5 20. Bd3 0-0 21. f5 exf5 22. Rxf5 Bb4 23. Nxb5 g6 24. Rf2 Nxe3 25. Qxe3 f6 26. Rc1 Rxc1+ 27. Qxc1 Be7 28. Nd6 Bxd6 29. exd6 Ba6 30. Bxa6 Qxa6 31. b4 Qxd6 32. Qc5 Qe6 33. d5 Qe5 34. g3 Kg7 35. b5 Ra8 36. b6 h5 37. Rf1 Ra2 38. Rf2 Ra6 39. Qb4 Ra1+ 40. Kg2 Qxd5+ 41. Kh3 Qe6+ 42. Kg2 h4 43. gxh4 Qd5+ 44. Kh3 d6 45. Qc3 Qe6+ 46. Kg2 Rb1 47. Qd4 Qe5 48. Qc4 Qe1 49. Qd3 Qg1+ 50. Kf3 f5 0-1